2006 سنة الانهيارات الدراماتيكية / (Record no. 14491)
[ view plain ]
| 000 -الفاتح | |
|---|---|
| حقل البيانات ثابتة الطول | 00870nam a22002177a 4500 |
| 008 - عناصر البيانات ثابتة الطول - معلومات عامة | |
| حقل البيانات ثابتة الطول | 100718s2006 xxu||||| |||| 00| 0 ara d |
| 082 ## - رقم تصنيف ديوى العشرى | |
| رقم الطبعة | 22 |
| رقم التصنيف | 133.542 |
| رقم المادة | ف ر ح |
| 100 1# - المدخل الرئيسى - إسم شخصى | |
| 9 (RLIN) | 16344 |
| الإسم الشخصى | فرح ، ماغي |
| 245 ## - بيان العنوان | |
| العنوان | 2006 سنة الانهيارات الدراماتيكية / |
| بيان المسئوليه,etc | ماغي فرح |
| 260 ## - PUBLICATION, DISTRIBUTION, ETC. (IMPRINT) | |
| مكان الناشر او الموزع | بيروت : |
| اسم الناشر او الموزع | دار الميم ، |
| تاريخ النشر أو التوزيع | 2006. |
| 300 ## - الوصف المادى | |
| التعداد | 607 ص ؛ |
| أبعاد الوعاء | 24 سم. |
| 541 ## - تبصرة المصدر المباشر للتزويد | |
| مصدر التزويد | ألف باء ؛ |
| طريقة التزويد | شراء ؛ |
| 600 ## - المدخل الاضافى بالموضوع-اسم شخصى | |
| 9 (RLIN) | 16344 |
| الإسم الشخصى | فرح ، ماغي |
| 650 ## - المدخل الاضافى بالموضوع-مصطلح موضوعى | |
| 9 (RLIN) | 16346 |
| مصطلح موضوعي أو اسم جغرافي كعنصر مدخل | التنجيم |
| 650 ## - المدخل الاضافى بالموضوع-مصطلح موضوعى | |
| 9 (RLIN) | 16347 |
| مصطلح موضوعي أو اسم جغرافي كعنصر مدخل | التنبؤات |
| 650 ## - المدخل الاضافى بالموضوع-مصطلح موضوعى | |
| 9 (RLIN) | 15148 |
| مصطلح موضوعي أو اسم جغرافي كعنصر مدخل | الفلك |
| 650 ## - المدخل الاضافى بالموضوع-مصطلح موضوعى | |
| 9 (RLIN) | 16348 |
| مصطلح موضوعي أو اسم جغرافي كعنصر مدخل | الابراج |
| 650 ## - المدخل الاضافى بالموضوع-مصطلح موضوعى | |
| 9 (RLIN) | 16349 |
| مصطلح موضوعي أو اسم جغرافي كعنصر مدخل | البروج ( الفلك) |
| 942 ## - عناصر المدخل الإضافي( كوها) | |
| مصدر التصنيف او مخطط الترفيف | Dewey Decimal Classification |
| Koha [default] item type | Book - Borrowing |
| حالة التراجع | حالة الفقد | مصدر التصنيف او خطة الترفيف | حالة تلف | ليس للاعارة | مجموعات كوها | المكان الدائم | المكان الحالي | موقع الترفيف | تاريخ الاكتساب | Source of acquisition | رقم الاستدعاء | الباركود | Date last seen | نوع الوعاء |
|---|---|---|---|---|---|---|---|---|---|---|---|---|---|---|
| Dewey Decimal Classification | Alef-Baa | Central Library | Central Library | Lower Floor | 18/07/2010 | 133.542 ف ر ح | 000021548 | 15/07/2025 | Book - Borrowing |